| 000 | 00827nac a22002411u 4500 | ||
|---|---|---|---|
| 010 | _a 00048518 | ||
| 020 | _a0201721651 | ||
| 082 | 0 | 0 |
_a658.84 _bKAL |
| 090 |
_c7843 _d7843 |
||
| 100 | _aKalakota, Ravi. | ||
| 245 | 1 | 0 |
_aE-business 2.0 :roadmap for success / _cRavi Kalakota and Marcia Robinson. |
| 260 |
_aBoston, MA : _bAddison-Wesley,c2001. _cc2001. |
||
| 300 |
_axxiv, 520 p. : _bill. ; _c24 cm. |
||
| 440 | 0 | _aAddison-Wesley information technology series | |
| 500 | _aRev. ed. of: E-Business. c1999. | ||
| 500 | _aDistributer: Baccah. | ||
| 504 | _aIncludes bibliographical references and index. | ||
| 511 | _aCatalogued By: Mahitab. | ||
| 650 | 0 | _aElectronic commerce. | |
| 700 | 1 |
_aRobinson, Marcia, _d1964- |
|
| 700 | 1 | _aKalakota, Ravi. | |
| 942 |
_cNB _k658.84KAL |
||
| 999 |
_c7843 _d7843 |
||